000
00292nam a22001337a 4500
008
181218b xxu||||| |||| 00| 0 eng d
020
_a
9781567994339
041
_a
eng
080
_a
820
100
_a
21
101
_a
GJL
245
_a
Great Heroes of Mythology
_c
Press,P
942
_2
udc
_c
BK
999
_c
53470
_d
53470